000 00294nam a22001337a 4500
003 SGT
082 _a610.7368
_bP15T
100 _aTHRESIA, M.T.
245 _aPSYCHIATRIC AND MENTAL HEALTH NURSING
260 _aINDIA
_bCBS
_c2015
300 _a290
650 _aPSYCHIATRIC
942 _2ddc
_cBK
999 _c10955
_d10955